Information hiding : third international workshop, IH' 99, Dresden, Germany, September 29 - October 1, 1999 : proceedings

Αποθηκεύτηκε σε:
Λεπτομέρειες βιβλιογραφικής εγγραφής
Συγγραφή απο Οργανισμό/Αρχή: IH' 99
Άλλοι συγγραφείς: Pfitzmann, Andreas (Επιμελητής έκδοσης)
Μορφή: Βιβλίο
Γλώσσα:English
Δημοσίευση: Berlin ; New York : Springer, c2000
Σειρά:Lecture notes in computer science ; ; 1768
Θέματα:
Ετικέτες: Προσθήκη ετικέτας
Δεν υπάρχουν, Καταχωρήστε ετικέτα πρώτοι!

MARC

LEADER 00000nam a2200000 i 4500
001 1/73085
008 050310s2000 eng d
020 |a 3-540-67182-X 
035 |l 10076996 
040 |a GR-MY-UA  |b gre  |e aacr 
041 0 |a eng 
082 0 |a 005.8  |2 (21) 
110 2 |a IH' 99. 
245 1 0 |a Information hiding :  |b third international workshop, IH' 99, Dresden, Germany, September 29 - October 1, 1999 : proceedings /  |c Andreas Pfitzmann, (ed.) 
260 |a Berlin ; New York :   |b Springer,   |c c2000 
300 |a ix, 492 σ.;  |b εικ.;  |c 24 εκ. 
490 1 |a Lecture notes in computer science  |v ; 1768 
504 |a Περιέχει βιβλιογραφικές αναφορές και ευρετήριο 
650 0 0 |a Computer security  |x Congresses. 
650 0 0 |a Data protection  |x Congresses. 
700 1 |a Pfitzmann, Andreas.  |4 edt 
830 0 |a Lecture notes in computer science ;  |v ; 1768 
852 |a INST  |b SAMOS  |e 20050310  |h 005.8 INF  |p 005300025319  |q 005300025319  |t BK  |y 0 
901 |a BIBL3-2005-1 
909 |a Σ  |b 114380 
922 |a 3ΕΛΗ  |b 200008  |c ΤΠΕΣ/ΠΟΛ-2  |d LEADER 
970 |a ΚΟΣΙΕΡΗΣ  |b ΧΡΗΣΤΟΣ  |z 2005/03/10